000 01212nac a22003617a 4500
001 BR0202604
003 BR-BrBNA
005 20240105122650.0
008 230509b bl.|||m| |||| 00| 0 por d
040 _aBR-BrBNA
_bpor
_cBiblioteca Nacional de Agricultura
072 _aP33
090 _a2480 BR0202604
100 1 _aCarmo, C.A.F. de S. do
100 1 _aCunha, T.J.F.
100 1 _aGarcia, N.C.P.
100 1 _aCalderano Filho, B.
100 1 _aConceição, M. da
100 1 _aMeneguelli, N. do A.
100 1 _aBlancaneaux, P.
110 1 _aEMBRAPA Solos, Rio de Janeiro, RJ (Brasil)
_93741
245 1 _aInfluência de atributos químicos e físicos do solo no desenvolvimento da seringueira na região da Zona da Mata de Minas Gerais
260 3 _aRio de Janeiro, RJ (Brasil):
_c2000.
300 _a23 p.
490 _aBoletim de Pesquisa - EMBRAPA Solos (Brazil)
_vno. 10
_xISSN 1517-5219
500 _a19 ref.; 7 tables; Summaries (En, Pt)
650 _aSERINGUEIRA
650 _aQUÍMICA DO SOLO
650 _aFÍSICA DO SOLO
650 _aDESENVOLVIMENTO SUSTENTÁVEL
650 _aMINAS GERAIS
909 _a202312
_bLúcia Elande
_c55
_dLúcia Elande
942 _2AGRIS
_n0
_cMS
999 _c292199
_d292199